Every Asian Country Shape - Statistics

General Stats
  • This quiz has been taken 88,142 times
    88,100 since last reset
  • The average score is 31 of 48
Answer Stats
Picture Answer % Correct
India
99%
China
98%
Japan
97%
Vietnam
92%
Turkey
90%
Indonesia
84%
Pakistan
81%
Thailand
80%
Philippines
79%
Sri Lanka
79%
Cyprus
75%
Maldives
75%
Myanmar
75%
Iraq
73%
Nepal
73%
Iran
72%
Afghanistan
71%
Taiwan
71%
Israel
70%
Laos
70%
Malaysia
68%
Mongolia
66%
Oman
65%
Saudi Arabia
65%
Kazakhstan
64%
Jordan
62%
Yemen
61%
Bangladesh
60%
Syria
56%
Georgia
55%
North Korea
55%
Uzbekistan
55%
South Korea
54%
Turkmenistan
52%
United Arab Emirates
52%
East Timor
51%
Kuwait
49%
Azerbaijan
48%
Kyrgyzstan
48%
Singapore
44%
Tajikistan
44%
Qatar
43%
Armenia
41%
Brunei
41%
Cambodia
41%
Lebanon
41%
Bhutan
40%
Bahrain
37%
No matching quizzes found
Score Distribution
Percent of People with Each Score
Percentile by Number Answered
Your Score History
You have not taken this quiz since the last reset